Statistics for Geography by Letter - A

Click here to take the quiz!

General Stats

  • This quiz has been taken 50 times
    (5 since last reset)
  • The average score is 22 of 106

Answer Stats

HintHintAnswer% Correct
Biggest Cities3.72 mAbuja
100%
CapitalsNigeriaAbuja
100%
Biggest Cities3.90 mAddis Ababa
100%
CapitalsEthiopiaAddis Ababa
100%
CountriesEuropeAndorra
100%
CapitalsAndorraAndorra la Vella
100%
CapitalsUnited Arab EmiratesAbu Dhabi
75%
CapitalsAlgeriaAlgiers
75%
Biggest Cities4.02 mAlgiers
75%
CapitalsNetherlandsAmsterdam
75%
CapitalsTurkeyAnkara
75%
Biggest Cities5.15 mAnkara
75%
CapitalsSamoaApia
75%
CapitalsGreeceAthens
75%
CapitalsGhanaAccra
50%
Biggest Cities5.20 mAccra
50%
ContinentsD.R Congo, South Africa.....Africa
50%
CapitalsJordanAmman
50%
Biggest Cities5.70 mAmman
50%
CapitalsMadagascarAntananarivo
50%
CapitalsTurkmenistanAshgabat
50%
CapitalsEritreaAsmara
50%
CapitalsParaguayAsuncion
50%
CountriesAsiaAfghanistan
25%
Other CitiesCity where the Taj Mahal isAgra
25%
Biggest Cities8.75 mAhmedabad
25%
CountriesEuropeAlbania
25%
Biggest Cities5.95 mAlexandria
25%
CountriesAfricaAlgeria
25%
Mountain RangeLongest range in the WorldAndes
25%
CountriesAfricaAngola
25%
PenninsulaBiggest Penninsula in the Southernmost ContinentAntarctic
25%
ContinentsNew Zealand, United Kingdom, Chile, Argentina....Antarctica
25%
CountriesNorth AmericaAntigua and Barbuda
25%
LanguagesSpoken in the Middle EastArabic
25%
LakeLost over 60% of it's area in the last 50 yearsAral Sea
25%
CountriesSouth AmericaArgentina
25%
CountriesEuropeArmenia
25%
ContinentsChina, India, Japan.....Asia
25%
Biggest Cities5.90 mAtlanta
25%
Other CitiesCapital of TexasAustin
25%
CountriesOceania / AustralasiaAustralia
25%
CountriesEuropeAustria
25%
Former CountryControlled Central Europe and the BalkansAustria-Hungary
25%
CountriesAsiaAzerbaijan
25%
SubdivisionsNigeriaAbia
0%
Biggest Cities5.75 mAbidjan
0%
RegionsGeorgiaAbkhazia
0%
SubdivisionsItalyAbruzzo
0%
Former CountryLast Sultante in IndonesiaAceh
0%
SubdivisionsIndonesiaAceh
0%
Mountain PeakHighest mountain in South americaAconcagua
0%
SubdivisionsBrazilAcre
0%
Former CountrySultante in Ethiopia and EritreaAdal
0%
Other CitiesCapital of South AustraliaAdelaide
0%
Other CitiesDe Facto capital of YemenAden
0%
SubdivisionsMauritaniaAdrar
0%
LanguagesSpoken in Eritrea and EthiopiaAfar
0%
Orginization__________ UnionAfrican
0%
LanguagesSpoken throughout Southern AfricaAfrikkans
0%
LandmassPakistan, France, Zambia ....Afro-Eurasia
0%
SubdivisionsNigerAgadez
0%
Former CountryControlled most of Northern NigerAir
0%
SubdivisionsUnited StatesAlabama
0%
SubdivisionsBrazilAlagoas
0%
SubdivisionsFinlandAland
0%
SubdivisionsUnited StatesAlaska
0%
SubdivisionsCanadaAlberta
0%
LandmarksFortress in Granada, SpainAlhambra
0%
Other CitiesCapital of NiueAlofi
0%
IslandsArchipalego in Western AlaskaAluet
0%
SubdivisionsBrazilAmapa
0%
RiversBiggest River in South AmericaAmazon
0%
SubdivisionsBrazilAmazonas
0%
LandmassCanada, Brazil, Bolivia.....America
0%
SubdivisionsUnited StatesAmerican Samoa
0%
RiversFlows through China, Russia and MongoliaAmur
0%
SubdivisionsNigeriaAnambra
0%
SubdivisionsSpainAndalucia
0%
SubdivisionsIndiaAndaman and Nicobar Islands
0%
SubdivisionsIndiaAndhra Pradesh
0%
LandmarksBiggest Religious LandmarkAngkor Wat
0%
SubdivisionsUnited KingdomAnguilla
0%
SubdivisionsChinaAnhui
0%
Other CitiesCapital of MarylandAnnapolis
0%
PenninsulaLocation of Turkey's CapitalAnotolia
0%
SubdivisionsChileAntofagasta
0%
Mountain RangeOne of the oldest mountain ranges in the WorldAppalachian
0%
PenninsulaSaudi Arabia, Oman, Yemen, Qatar....Arabia
0%
DesertCovers Saudi Arabia, Iraq, Jordan and OmanArabian
0%
SubdivisionsSpainAragon
0%
SubdivisionsUnited StatesArizona
0%
SubdivisionsUnited StatesArkansas
0%
RegionsAzerbaijanArtsakh
0%
SubdivisionsNetherlandsAruba
0%
Former CountryGhanan Tribe that won 3 wars against the BritishAshanti
0%
Former CountryArabian Emirate during 19th centuryAsir
0%
SubdivisionsIndiaAssam
0%
SubdivisionsSpainAsturias
0%
Mountain RangeMountain Range in Morocco and AlgeriaAtlas
0%
Other CitiesBiggest City in North Island, NZAuckland
0%
Other CitiesCapital of MaineAugusta
0%
SubdivisionsFranceAuvergne - Rhône - Alpes
0%
SubdivisionsPortugalAzores
0%
Former CountryCivilization in Early MexicoAztecs
0%
LakeLake in Central Canada, west of Medicine HatLake Athabasca
0%

Score Distribution

Percentile by Number Answered

Percent of People with Each Score

Your Score History

You have not taken this quiz since the last reset